01001nab a2200277 uc450000100070000000500170000700800410002403500110006503500210007604000130009704100080011010000430011824501020016165000230026365000220028665000230030865000260033165000260035765000180038365000480040170000460044970000500049577301490054594200100069499900190070472762120250225142440.0020320e20010701 por  a727621 a(OCoLC)819938272 ccomduadb apor10aCosta, Luiz R. F. da4auteaut935317412aA pesca do tambaqui, colossoma macropomun, com enfoque na area do medio solimoes Amazonas, Brasil 7aPeces2lemb969255 aIctiologia943503 7aPesca2embne92473 aCaptura animal967281 aTambaqui (Pez)928411 aBrasil942885 aCachama negra : Colossoma macroponum92751210aBarthem, Ronaldo Borges4auteaut952168910aBittencourt, Maria Mercedes4auteaut93531750 tActa Amazonica (Manaus)gVolumen 31, Número 03, Julio-Septiembre 2001, p. 449-468w(CO-MdUADB)198142x0044-59670881289660228o61000002061444 cARIMP c230477d230477